Zadači poiska

Guardado en:
Detalles Bibliográficos
Autor principal: Ahlswede, Rudolf
Otros Autores: Wegener, Ingo
Formato: Libro
Lenguaje:ruso
Publicado: Moskva Mir 1982
Etiquetas: Agregar Etiqueta
Sin Etiquetas, Sea el primero en etiquetar este registro!

MARC

LEADER 00000nam a2200000 4500
001 c128902
005 20231103121800.5
041 0 |a rus 
044 |a RU 
245 1 0 |a Zadači poiska  |c Rudolf Ahlswede, Ingo Wegener 
264 1 |a Moskva  |b Mir  |c 1982 
300 |a 367 s. 
100 1 |a Ahlswede, Rudolf 
700 1 |a Wegener, Ingo